000
00313 a2200145 4500
001
173264
020
_a
040
_c
Magnum
100
_a
Portes, Max de Figueiredo
240
1
0
_a
O morador do ipe-amarelo
_l
por
245
1
0
_a
O morador do ipe-amarelo
362
0
_a
1899
697
_a
IJ/ANIMAIS
942
_c
BK
999
_c
173264
_d
173264